Csongrád megyei Közlekedésbiztonsági Tanács
Elmentve itt :
| Dokumentumtípus: | Cikk |
|---|---|
| Megjelent: |
1980-09-19
|
| Sorozat: | Délmagyarország
70 No. 220 |
| Kulcsszavak: | közlekedés |
| Online Access: | http://dmarchiv.bibl.u-szeged.hu/109517 |
| LEADER | 00417nab a2200145 i 4500 | ||
|---|---|---|---|
| 001 | delm109517 | ||
| 005 | 20190531102822.0 | ||
| 008 | 190531s1980 hu o 0|| hun d | ||
| 040 | |a SZTE Délmagyarország Archívum |b hun | ||
| 041 | |a hun | ||
| 245 | 0 | 0 | |a Csongrád megyei Közlekedésbiztonsági Tanács |h [elektronikus dokumentum] |
| 260 | |c 1980-09-19 | ||
| 300 | |a 8 | ||
| 490 | 0 | |a Délmagyarország |v 70 No. 220 | |
| 695 | |a közlekedés | ||